| 000 | 01062nam a2200289 i 4500 | ||
|---|---|---|---|
| 001 | 11999 | ||
| 003 | KOSZ 005 | ||
| 005 | 20231109062807.0 | ||
| 008 | 080317s1964 pl a f 000 0 pol | ||
| 015 | _aPB 1965/324 | ||
| 040 |
_aWA N _cKOSZ 005/KK _dKOSZ 005/KK |
||
| 041 | 1 |
_apol _hger |
|
| 080 | _a335.5+92 | ||
| 100 | 1 |
_aAmsterdamski, Stefan _d(1929-2005) _eAutor |
|
| 245 | 1 | 0 |
_aEngels / _cStefan Amsterdamski. |
| 260 |
_aWarszawa : _b"Wiedza Powszechna", _c1964. |
||
| 300 |
_a274, [2] s. : _bil. ; _c18 cm. |
||
| 380 | _aKsiążki. | ||
| 490 | 1 | _aMyśli i Ludzie. 2, Filozofia Nowożytna i Współczesna. | |
| 546 | _aTekst częśc. tł. z niem. | ||
| 600 | 1 | 4 |
_aEngels, Friedrich _d(1820-1895) _eAutor |
| 650 | 4 |
_aMarksizm _xhistoria _zNiemcy. |
|
| 710 | 2 |
_aPaństwowe Wydawnictwo Wiedza Powszechna _4pbl. |
|
| 856 |
_uhttp://koha.tu.koszalin.pl/cgi-bin/koha/opac-detail.pl?biblionumber=11999 _yKatalog online BPK |
||
| 830 | 0 |
_aMyśli i Ludzie. _n2, _pFilozofia Nowożytna i Współczesna |
|
| 942 |
_2UKD _cKS |
||
| 999 |
_c11999 _d11999 |
||